Music Quiz

Random Music Quiz

Thrice Studio Albums Quiz Stats

 Plays Quiz not verified by Sporcle

Challenge
Share
Tweet
Embed
Score 0/9 Timer 03:00
0 Plays Today
Year Album % Correct
2003The Artist in the Ambulance
100%
2005Vheissu
100%
2000Identity Crisis
87.5%
2002The Illusion of Safety
75%
2009Beggars
75%
2011Major|Minor
75%
2016To Be Everywhere Is to Be Nowhere
75%
2007The Alchemy Index Vols. I & II
25%
2008The Alchemy Index Vols. III & IV
25%

You're not logged in!

Compare scores with friends on all Sporcle quizzes.
Join for Free
OR
Log In

You Might Also Like...

Show Comments

Extras

Created Apr 22, 2017ReportNominate
Tags:thrice

Top Quizzes Today


Score Distribution

Your Account Isn't Verified!

In order to create a playlist on Sporcle, you need to verify the email address you used during registration. Go to your Sporcle Settings to finish the process.

Report this User

Report this user for behavior that violates our Community Guidelines.

Details: